| 000 | 00970nam a22003257a 4500 | ||
|---|---|---|---|
| 001 | BR2023002036 | ||
| 003 | BR-BrBNA | ||
| 005 | 20231105153257.0 | ||
| 008 | 231105b bl.||||| |||| 00| 0 por d | ||
| 040 |
_aBR-BrBNA _bpor |
||
| 041 | _apor | ||
| 072 |
_aP01 ; D50 _b3200 |
||
| 090 | _a3200 BR2023002036 | ||
| 245 |
_aDocumento Ambiental _b3 - Regimento do Pau-Brasil e outros documentos; 4 - Reservas Ambientais do Brasil |
||
| 260 |
_aRio de Janeiro, RJ (Brasil) _bTerceiro Mundo _c[nd] |
||
| 300 | _a34 p. | ||
| 490 | _aEcologia e Desenvolvimento | ||
| 500 | _aPublished after 1989; 3 illus.; 1 table | ||
| 650 | _aMEIO AMBIENTE | ||
| 650 | _aPRESERVAÇÃO DA NATUREZA | ||
| 650 | _aPAU BRASIL | ||
| 650 | _aÁRVORE ANGIOSPERMA | ||
| 650 | _aPLANTA PARA CURTUME | ||
| 650 | _aRECURSO NATURAL | ||
| 650 | _aRESERVA BIOLÓGICA | ||
| 650 | _aDESENVOLVIMENTO SUSTENTÁVEL | ||
| 650 | _aLEGISLAÇÃO | ||
| 909 |
_a202311 _bFernando |
||
| 942 | _cBK | ||
| 999 |
_c86662 _d86662 |
||